LIBRARY & INFORMATION CENTRE, KCAET, TAVANUR

ONLINE PUBLIC ACCESS CATALOGUE (OPAC)

Text book of mechanics: dynamics / (Record no. 10099)

MARC details
000 -LEADER
fixed length control field 00544cam a2200217ua 4500
041 ## - LANGUAGE CODE
Language code of text/sound track or separate title eng
082 ## - DEWEY DECIMAL CLASSIFICATION NUMBER
Classification number 531
Item number NAR/TE
100 ## - MAIN ENTRY--AUTHOR NAME
Personal name Narayanamurthi, M .
245 ## - TITLE STATEMENT
Title Text book of mechanics: dynamics /
250 ## - EDITION STATEMENT
Edition statement 5 /
260 ## - PUBLICATION, DISTRIBUTION, ETC. (IMPRINT)
Place of publication Chennai :
Name of publisher The National Publishing Co ,
Year of publication 1965.
300 ## - PHYSICAL DESCRIPTION
Number of Pages 336 ; .
700 1# - ADDED ENTRY--PERSONAL NAME
Personal name Venkatesan, K.S .
942 ## - ADDED ENTRY ELEMENTS (KOHA)
Koha item type Books
Holdings
Withdrawn status Lost status Damaged status Home library Current library Date acquired Full call number Accession Number Koha item type Public note
Withdrawn     KAUAET KAUAET 07/04/2012 531 NAR/TE 7702 Books  
Withdrawn     KAUAET KAUAET 07/04/2012 531 NAR/TE 7700 Books  
Withdrawn     KAUAET KAUAET 02/02/2021 531 NAR/TE 7699 Books  
Withdrawn     KAUAET KAUAET 02/02/2021 531 NAR/TE 7701 Books  
Withdrawn     KAUAET Sanskrit University 07/04/2012 531 NAR/TE 7698 Books Transferred to Sanskrit University
free website counter